Central Library and Information Centre
Sibsagar Girls' College, Sivasagar : Assam

GEET GOVINDA (Record no. 2784)

MARC details
000 -LEADER
fixed length control field 00400cam a2200169ua 4500
008 - FIXED-LENGTH DATA ELEMENTS--GENERAL INFORMATION
fixed length control field 131128n II |||gr||||Z||||||asm
040 ## - CATALOGING SOURCE
Original cataloging agency MAIN
041 ## - LANGUAGE CODE
-- English
082 ## - DEWEY DECIMAL CLASSIFICATION NUMBER
Classification number 891.491 CHA
100 ## - MAIN ENTRY--PERSONAL NAME
Personal name CHAKRAVARTY, KABIRAJ.
245 ## - TITLE STATEMENT
Title GEET GOVINDA
260 ## - PUBLICATION, DISTRIBUTION, ETC.
Place of publication, distribution, etc. GUWAHATI
Name of publisher, distributor, etc. PUBLICATION BOARD OF ASSAM
Date of publication, distribution, etc. 1986.
300 ## - PHYSICAL DESCRIPTION
Extent 219.:
Dimensions 20CM.
942 ## - ADDED ENTRY ELEMENTS (KOHA)
Koha item type Books
653 ## - INDEX TERM--UNCONTROLLED
Uncontrolled term Asomiya Kabita
Holdings
Withdrawn status Lost status Damaged status Not for loan Collection code Home library Current library Shelving location Date acquired Full call number Barcode Date last seen Copy number Price effective from Koha item type
        REFASM Central Library and Information Centre Sibsagar Girls College Central Library and Information Centre Sibsagar Girls College ASSAMESE REFERENCE RACK 11.09.1989 891.491 CHA 10954 27.02.2020 1 27.02.2020 Books


Sibsagar Girl's College © 2020. All rights reserved.
Powered by Koha.
Maintained by Abhijit Borpuzari.